[Event "Corus"]
[Site "Wijk aan Zee"]
[Date "2008.01.13"]
[Round "2"]
[White "Carlsen, Magnus"]
[Black "Eljanov, Pavel"]
[Result "1-0"]
[WhiteElo "2733"]
[BlackElo "2692"]
[PlyCount "107"]
[EventDate "2008.01.12"]
[EventType "tourn"]
[EventRounds "13"]
[EventCountry "NED"]
[EventCategory "20"]
[SourceTitle "CBM 122"]
[Source "ChessBase"]
[SourceDate "2008.01.30"]
[SourceVersion "1"]
[SourceVersionDate "2008.01.30"]
[SourceQuality "1"]

1. d4 Nf6 2. c4 g6 3. Nc3 d5 4. Nf3 Bg7 5. Bg5 Ne4 6. Bh4 Nxc3 7. bxc3 dxc4 8. Qa4+ Qd7 9. Qxc4 b6 10. e3 Ba6 11. Qb3 Bxf1 12. Kxf1 O-O 13. Ke2 c5 14. dxc5 Na6 15. Rhd1 Qb7 16. c6 Qxc6 17. Bxe7 Rfe8 18. Ba3 Qxc3 $146 ({RR} 18... Rad8 19. Rac1 Nc7 20. c4 Ne6 21. Kf1 Qe4 22. Rd5 Rc8 23. Qd3 Qxd3+ 24. Rxd3 Rc7 25. Nd2 f5 26. Rb1 Bf8 27. Bxf8 Kxf8 28. h3 Nc5 29. Rd4 h5 30. h4 Ke7 31. g3 Rec8 32. Ke2 Rc6 33. Rb5 {Grivas,E (2465)-Leko,P (2385) Dortmund 1992 ½-½ (70)}) 19. Qxc3 Bxc3 20. Rac1 Bb4 21. Bb2 Bf8 22. Nd4 Nc5 23. g4 Re4 24. Kf3 Rae8 25. h3 f6 26. Ba3 Kf7 27. Rc2 Na6 28. Bxf8 Kxf8 29. Rc6 Kg7 30. Nb5 R4e7 31. Rdd6 Nc5 32. Nc7 Rf8 33. h4 Rff7 34. Nd5 Rd7 35. Rxd7 Nxd7 36. Kg3 Nc5 37. f3 h6 38. Nf4 g5 39. Nh5+ Kg6 40. f4 gxf4+ 41. exf4 Kh7 42. f5 Kg8 43. Kf3 Nd7 44. Ke4 Kf8 45. Rc8+ Ke7 46. Kd5 b5 47. Rh8 Nb6+ 48. Kc6 Nc4 49. Ra8 Ne5+ 50. Kc5 Nd7+ 51. Kxb5 Kd6 52. Rxa7 Rf8 53. Kb4 Nc5 54. Kc4 1-0

[Event "Corus"]
[Site "Wijk aan Zee"]
[Date "2008.01.18"]
[Round "6"]
[White "Carlsen, Magnus"]
[Black "Polgar, Judit"]
[Result "1-0"]
[WhiteElo "2733"]
[BlackElo "2707"]
[PlyCount "103"]
[EventDate "2008.01.12"]
[EventType "tourn"]
[EventRounds "13"]
[EventCountry "NED"]
[EventCategory "20"]
[SourceTitle "CBM 122"]
[Source "ChessBase"]
[SourceDate "2008.01.30"]
[SourceVersion "1"]
[SourceVersionDate "2008.01.30"]
[SourceQuality "1"]

1. d4 Nf6 2. c4 e6 3. Nc3 Bb4 4. Qc2 d5 5. a3 Bxc3+ 6. Qxc3 Ne4 7. Qc2 c5 8. dxc5 Nc6 9. cxd5 exd5 10. e3 Qf6 11. f3 Qh4+ 12. g3 Nxg3 13. Qf2 Nf5 14. Qxh4 Nxh4 15. b4 a6 $146 ({RR} 15... d4 16. b5 Na5 17. Rb1 dxe3 18. Bxe3 Be6 19. Kf2 Nf5 20. Bf4 Rc8 21. c6 bxc6 22. bxc6 Nxc6 23. Ba6 Rd8 24. Ne2 O-O 25. Rhc1 Nfd4 26. Nxd4 Nxd4 27. Rb4 Rd5 28. Bb7 a5 29. Rb6 Rd7 30. Rc7 {Shen,Y (2468)-Wang,J (2380) Hangzhou 2018 ½-½ (40)}) ({RR} 15... O-O 16. Kf2 Be6 17. Bb2 f5 18. Nh3 d4 19. exd4 f4 20. Rg1 g6 21. b5 Na5 22. Bc3 Nc4 23. Bxc4 Bxc4 24. Rg4 Nf5 25. Rxf4 Bxb5 26. Ng5 Bc4 27. Re1 h6 28. Ne6 Rf7 29. Rfe4 g5 30. Re5 {L'Ami,A (2446)-Sihite,C (2206) Tromsoe 2014 0-1 (37)}) 16. Kf2 Ne5 17. Bb2 f6 18. Rd1 Be6 19. Ne2 Bf7 20. Rg1 Nc4 21. Bc1 g5 22. Nc3 O-O-O 23. e4 dxe4 24. Rxd8+ Rxd8 25. Nxe4 Kc7 26. Nxf6 h6 27. f4 Nd2 28. Be2 Nb3 29. Be3 Nd4 30. Bxd4 Rxd4 31. fxg5 Rf4+ 32. Ke1 hxg5 33. Nh7 Bd5 34. Nxg5 Kc6 35. Rf1 Rxf1+ 36. Bxf1 a5 37. Kd2 axb4 38. axb4 b6 39. cxb6 Kxb6 40. Bd3 Bc6 41. Kc3 Bd7 42. Be4 Bg4 43. Nf7 Bf3 44. Bd3 Bc6 45. Ne5 Bd5 46. Ng6 Ng2 47. Kd4 Bb7 48. h4 Bf3 49. Bf1 Ne1 50. Ne5 Nc2+ 51. Kc3 Be4 52. h5 1-0

[Event "Corus"]
[Site "Wijk aan Zee"]
[Date "2008.01.20"]
[Round "8"]
[White "Carlsen, Magnus"]
[Black "Gelfand, Boris"]
[Result "1/2-1/2"]
[WhiteElo "2733"]
[BlackElo "2737"]
[PlyCount "134"]
[EventDate "2008.01.12"]
[EventType "tourn"]
[EventRounds "13"]
[EventCountry "NED"]
[EventCategory "20"]
[SourceTitle "CBM 122"]
[Source "ChessBase"]
[SourceDate "2008.01.30"]
[SourceVersion "1"]
[SourceVersionDate "2008.01.30"]
[SourceQuality "1"]

1. d4 d5 2. c4 c6 3. Nc3 Nf6 4. e3 e6 5. Nf3 Nbd7 6. Qc2 Bd6 7. Bd3 ({RR} 7. Be2 O-O 8. O-O dxc4 {½-½ (17) Maksimenko,A (2536)-Naumann,A (2518) Kallithea 2008}) 7... O-O 8. O-O dxc4 9. Bxc4 a6 10. a4 c5 11. Rd1 cxd4 12. Ne4 Nxe4 13. Qxe4 Nf6 14. Qxd4 Bc7 15. Bd2 ({RR} 15. b3 Qxd4 16. Nxd4 Bd7 17. Ba3 Rfe8 18. h3 Rac8 19. Rac1 h6 20. g4 Bb8 21. Kg2 g6 22. Be2 Rxc1 23. Rxc1 Rc8 24. Rxc8+ Bxc8 25. Bb2 Nd5 26. Bf3 Be5 27. Bxd5 exd5 28. Ba3 Bxd4 29. exd4 f6 {Banikas,H (2608)-Gelfand,B (2761) Bursa 2010 ½-½}) 15... Qxd4 16. Nxd4 Bd7 17. Be2 Rfd8 $146 ({RR} 17... Rac8 18. Bf3 e5 19. Nb3 e4 20. Be2 Be5 21. Bb4 Rfe8 22. Rd2 g6 23. Na5 b5 24. Nb7 bxa4 25. Nd6 Bxd6 26. Rxd6 Re6 27. Rxe6 Bxe6 28. Bxa6 Rc2 29. Bc3 Nd5 30. Bd4 Nb4 31. Bb5 Bb3 32. g4 {Antonsen,M (2409)-Rasmussen,K (2505) Silkeborg 2008 0-1 (48)}) 18. Bf3 e5 19. Nb3 e4 20. Be2 Be5 21. Ba5 Rdc8 22. Nd4 h6 23. h3 b5 24. axb5 axb5 25. Bf1 h5 26. Bc3 Rxa1 27. Rxa1 Nd5 28. Bxb5 Bxb5 29. Nxb5 Nxc3 30. Nxc3 f5 31. h4 Kf7 32. Kf1 Rb8 33. Ra2 Rb3 34. Nd1 Bf6 35. g3 g5 36. hxg5 Bxg5 37. Nc3 Bf6 38. Ra7+ Ke6 39. Ne2 Be5 40. Rh7 Rxb2 41. Rxh5 Kf6 42. Rh6+ Kf7 43. Ra6 Rb1+ 44. Kg2 Rb2 45. Ng1 Rd2 46. Nh3 Rd6 47. Ra5 Kf6 48. g4 fxg4 49. Ng5 Kxg5 50. Rxe5+ Kh4 51. Rxe4 Rd1 52. Rd4 Ra1 53. Rd8 Kg5 54. Rh8 Rb1 55. Rh1 Rb8 56. Kg3 Rf8 57. Ra1 Rf3+ 58. Kg2 Rf8 59. Ra4 Rf7 60. Ra8 Kg6 61. Ra2 Kg5 62. Ra5+ Kg6 63. Rd5 Rf8 64. Kf1 Rf7 65. Kg2 Rf8 66. Rd2 Kg5 67. Re2 Rf3 1/2-1/2

[Event "Corus"]
[Site "Wijk aan Zee"]
[Date "2008.01.23"]
[Round "10"]
[White "Van Wely, Loek"]
[Black "Carlsen, Magnus"]
[Result "0-1"]
[WhiteElo "2681"]
[BlackElo "2733"]
[Annotator "Marin,Mihail"]
[PlyCount "98"]
[EventDate "2008.01.12"]
[EventType "tourn"]
[EventRounds "13"]
[EventCountry "NED"]
[EventCategory "20"]
[SourceTitle "CBM 122"]
[Source "ChessBase"]
[SourceDate "2008.01.30"]
[SourceVersion "1"]
[SourceVersionDate "2008.01.30"]
[SourceQuality "1"]

{Both players had suffered losses in the previous round, which usually generates a delicate psychological situation. Would they agree to a draw soon, in order to recover properly, or, on the contrary... Well, let's see.} 1. d4 {Shabalov,Alexander} Nf6 2. c4 c5 3. d5 b5 {Not really a peaceful opening.} 4. cxb5 a6 5. bxa6 g6 6. Nc3 Bxa6 7. Nf3 d6 8. g3 Bg7 9. Bg2 Nbd7 10. Rb1 Qa5 {This early development of the queen is aimed to prevent White from regrouping properly.} 11. Bd2 $5 ({Actually, a logical move. The enemy queen is put under indirect pressure immediately. Carlsen had obtained good counterplay after} 11. O-O Nb6 {Now, the c4-square is impossible to defend with the pawn, because the c3-knight is hanging.} 12. a3 Nc4 {in his Candidate's match against Aronian, Elista 2007. The position soon simplified and a draw was agreed.} 13. b4 Qc7 14. Qa4+ Nd7 15. Nb5 Qb8 16. bxc5 Bxb5 17. Qxb5 Qxb5 18. Rxb5 Nxc5 19. Nd2 Nxa3 20. Bxa3 Rxa3 21. Ne4 {½-½ Aronian,L (2759)-Carlsen,M (2693)/Elista 2007/CBM 119}) ({RR} 11. O-O Nb6 12. a3 Nc4 13. b4 Qc7 14. Qa4+ Nd7 15. Nb5 Qb8 16. bxc5 Bxb5 17. Qxb5 Qxb5 18. Rxb5 Nxc5 19. Nd2 Nxa3 20. Bxa3 Rxa3 21. Ne4) 11... Nb6 {It does not look like a good idea to cut off the queen's retreat so soon.} ({It is possible that Carlsen mixed up the move order. The main line goes} 11... O-O 12. O-O Rfb8 13. b3 (13. Qc2 Nb6 14. b3 Qa3 {is just transposing. Note that in this line the queen has occupied the a3-square with the knight on b6, but after the c2-square had been occupied by the white queen.}) 13... Qa3 14. Qc2 ({Here,} 14. Ne1 {has not been tried, but it should be less efficient because the queen can retreat to c7 in case of emergency.}) 14... Nb6 {Avrukh,B (2588)-Ponomariov,R (2616)/Batumi 1999/CBM 074/[Stohl] (0-1, 39)}) 12. b3 Qa3 {Following what must have been a "familiar path".} (12... Bb7 13. O-O O-O 14. a4 Rad8 15. Qc2 Qa8 16. e4 $16 {Gladyszev,O (2443)-Kostin,A (2385)/Sochi 2004/CBM 100 ext (½-½, 36)}) (12... O-O 13. O-O Rfb8 14. a4 $14 {[%csl Ga5]}) 13. O-O ({The attempt to force a draw with} 13. Bc1 Qb4 14. Bd2 {led to active black play after} Ne4 $5 15. Nxe4 Qxe4 16. Nh4 Qd4 $44 {Brunner,N (2435)-Vachier Lagrave,M (2595)/Paris 2007/CBM 119 ext (0-1, 45)}) 13... O-O 14. Ne1 $1 {This move must have escaped Carlsen's attention. Indeed, it had been played only once before.} ({The transfer of the bishop to the other diagonal with} 14. Bc1 Qa5 15. Bb2 {is not too effective, because, far from neutralising the g7-bishop, it just places his own bishop on vulnerable squares, in view of the permanent threat of ...c4.} Rab8 16. Re1 Nfd7 17. Rc1 Ne5 18. Ba1 Nxf3+ 19. Bxf3 c4 $44 {[%csl Ga1] Taborov,B (2458)-Kostiuk,T (2232)/Kiev 2002/EXT 2003 (1-0, 58)}) 14... Bb7 $146 (14... Nfd7 15. Nc2 Qa5 16. Qe1 Bb7 17. a4 Qa6 18. Qd1 c4 19. Nb4 Qa5 20. Nc6 Bxc6 21. dxc6 Bxc3 22. b4 Qe5 23. cxd7 $16 {Malaniuk,V (2548)-Tirard,H (2399)/Krakow 2001/EXT 2005 (1-0, 41)}) 15. Nc2 Qa6 16. e4 Ne8 ({RR} 16... Nfd7 17. a4 c4 18. Nb4 Qa5 19. Nb5 c3 20. Nxc3 Qxb4 21. Nb5 Qc5 22. Rc1 Nxa4 23. Rxc5 Naxc5 24. b4 Na4 25. Nc7 Nb2 26. Qb3 Rac8 27. Rc1 Nb6 28. Be3 Na8 29. Nxa8 Rxa8 30. Bf1 Rfb8 31. Bb5) ({RR} 16... Nfd7 17. a4 Rac8 18. Bh3 Rcd8 19. Re1 Ne5 20. Bf1 Qa8 21. f4 Ned7 22. a5 Nc8 23. a6 Bxa6 24. Ra1 Nb8 25. Bxa6 Nxa6 26. Qe2 c4 27. Qxc4 Qa7+ 28. Re3 {1-0 (28) Van Wely,L (2685)-Castor,D (2126) Sydney 2014}) 17. a4 Nc7 18. Re1 {White has completed his development in an acceptable way, while Black's counterplay has not really started yet.} Rae8 $146 {Since 3 of Black's minor pieces are hitting on the well defended d5-pawn, it is just logical to prepare the opening of the centre with ...e6. However, the rook's departure from the queenside will allow White to get strong initiative on what is traditionally considered "Black's territory" in the Volga Gambit.} (18... e6 19. a5 (19. Ne3 $16 {[%csl Gd5]}) ({RR} 19. a5 Nd7 ({RR} 19... Qxa5 20. Ra1) 20. b4 cxb4 21. Nxb4 Qxa5 22. Nc6 Bxc6 ({RR} 22... Qa6 23. Bf1) 23. dxc6 Bxc3 24. Bxc3 Qxc3 25. Rc1 Qe5 26. cxd7) 19... Nd7 (19... Qxa5 $2 20. Ra1 $18) 20. b4 $5 cxb4 21. Nxb4 Qxa5 22. Nc6 Bxc6 (22... Qa6 23. Bf1 $18) 23. dxc6 Bxc3 24. Bxc3 Qxc3 25. Rc1 Qe5 26. cxd7 $36 {[%csl Rc7,Gd7]}) ({RR} 18... e6 19. Ne3 exd5 20. Ncxd5 Ncxd5 21. exd5 Qd3 22. Rc1 Rfe8 ({RR} 22... Nxd5 23. Nc4) 23. Bc3 Qxd1 24. Rexd1 Bxc3 25. Rxc3 Ra5 26. Bf1 Ba6 27. Bxa6 Rxa6 28. f3 Rb8 29. Ra1 Kf8 30. Kf2 Ke7 31. g4 h6 32. h4 Kd7 33. f4 {Zhao,X (2544)-MacKinnon,K (2148) Edmonton 2009 CBM 132 Extra [Shabalov,Alexander] 1-0 (37)}) 19. b4 $1 {It is clear now that something has gone terribly wrong for Black.} Nd7 20. Nb5 $5 ({White had many ways to obtain a crushing advantage. Van Wely opts for a dynamic solution, which will yield him a winning position soon. A more static approach, but equally unpleasant for Black, would be} 20. b5 Qa5 21. Re3 $1 {After this rook lift, White threatens to push the enemy queen away with Ne2, for instance} Nb6 22. Ne2 $1 Qxa4 {(This loses immediately, but if the queen retreats the game would not last too long either after the gradual but unstoppable advance of the passed pawns)} 23. Ra3 Qc4 24. Ne3 $19) 20... Rc8 (20... Nxb5 21. axb5 Qxb5 $2 22. bxc5 Qa6 23. c6 $18) 21. Bh3 f5 22. Bg5 Ne5 23. bxc5 Qxa4 24. Nxc7 Rxc7 25. c6 {White has not only preserved his extra pawn, but has pushed it on to the 6th rank as well! Black's position is hopeless. In the next phase of the game, Carlsen will desperately try to fish in muddy waters.} Bc8 26. exf5 Rxf5 $5 {Hoping to get the d5-pawn some day... which will actually happen in the game...} 27. f4 Nc4 28. Rb4 Qa7+ 29. Kg2 Qc5 30. Rb8 Nb2 31. Qf3 Qxc2+ 32. Re2 Qb1 33. Bxf5 Qxf5 34. g4 Qf7 35. Bxe7 h5 36. Bxd6 hxg4 37. Qe4 Kh7 {On each move, White has a choice between several completely winning moves, his main concern being to avoid any form of black counterplay. This is quite tiring, especially since the position looks a bit unusual.} 38. Bxc7 $6 ({After this (also winning) move, White will lose the d5-pawn, allowing Black to activate his play in a still completely losing position. Froma practical point of view, it would have been better to play} 38. Rexb2 {in order to make the c4-square available for the queen (for the eventuality of ...f5). After} Bxb2 {White can play} 39. Bxc7 {already.}) 38... Bf5 {The situation has become slightly obscure. In order to retain his decisive advantage, White has to do some calculation.} 39. Qe3 $6 ({This move, probably dictated by the natural desire to keep his own king defended, throws away the biggest part of the advantage. From a practical point of view,} 39. Rh8+ $1 {would have been the simplest way to a win, because it would have led to the forced exchange of queens and the unstoppable advance of the far advanced passed pawns.}) ({In the heat of the fight and under time pressure it is not easy to spot the other winning move} 39. Qe7 {, creating the unpleasant threat of h4+. The point is that after} Qxd5+ 40. Kg1 ({But not} 40. Kg3 $4 {because of} Qf3+ {followed by mate. In fact, if you see this during the game, you do not feel like investigating the consequences of 39.e7 anymore)}) 40... Qd1+ 41. Kf2 Qd4+ 42. Kg3 Qg1+ 43. Kh4 {the king escapes from checks and is ready to participate in the creation of a mating net around his counterpart!}) 39... Qxd5+ 40. Kg3 $2 ({After this new inaccuracy, the game should end in a draw. The paradoxical} 40. Kg1 $5 {would have retained some advantage for White, because the apparently winning} Bd4 {(By the way, Black has nothing better)} 41. Rh8+ $1 {followed by e5(+) would again force favourable simplifications. It is true that after the elimination of the d5-pawn things are not the same as after 39.h8!+...}) 40... Nc4 41. Qf2 $2 ({The losing move. It must have been hard for van Wely to switch from choosing between several absolutely winning moves mode to finding the only saving move. Anyway, it was essential to keep the third rank defended with} 41. Qb3 {when after} Qh1 42. Be5 {the game should end in a draw by perpetual.}) 41... Qd3+ 42. Kg2 Be4+ {Black's attack is decisive now. Unlike his opponent, Carlsen adapted himself to the new circumstances perfectly.} 43. Rxe4 Qxe4+ 44. Kf1 Qd3+ 45. Qe2 Nd2+ 46. Ke1 Nf3+ 47. Kf1 Nxh2+ 48. Ke1 Bc3+ 49. Kf2 g3+ 0-1

[Event "Corus"]
[Site "Wijk aan Zee"]
[Date "2008.01.27"]
[Round "13"]
[White "Carlsen, Magnus"]
[Black "Radjabov, Teimour"]
[Result "1/2-1/2"]
[WhiteElo "2733"]
[BlackElo "2735"]
[PlyCount "130"]
[EventDate "2008.01.12"]
[EventType "tourn"]
[EventRounds "13"]
[EventCountry "NED"]
[EventCategory "20"]
[SourceTitle "CBM 122"]
[Source "ChessBase"]
[SourceDate "2008.01.30"]
[SourceVersion "1"]
[SourceVersionDate "2008.01.30"]
[SourceQuality "1"]

1. d4 Nf6 2. Nf3 g6 3. Bg5 Bg7 4. Nbd2 d6 5. e4 O-O 6. c3 c5 7. dxc5 dxc5 8. Bc4 Nc6 9. O-O Na5 10. Be2 Be6 ({RR} 10... Qc7 11. e5 Ng4 12. Bf4 Nc6 13. Nc4 Be6 14. h3 Rad8 15. Qe1 Ngxe5 16. Ncxe5 Nxe5 17. Kh1 Bd5 18. Bd1 Nxf3 19. Bxc7 Nxe1 20. Rxe1 Rd7 21. Bf4 Rfd8 22. Bc2 b5 23. a3 e6 24. Rac1 a5 25. Kg1 {Fier,A (2556)-Naroditsky,D (2619) chess.com INT 2025 ½-½ (117)}) 11. Re1 ({RR} 11. Qc2 Qc7 12. Rfe1 Rad8 13. Bf1 b6 14. Bh4 Nh5 15. Rad1 Nc6 16. Bc4 Bxc4 17. Nxc4 Rxd1 18. Rxd1 Rd8 19. Bg3 Nxg3 20. hxg3 Rxd1+ 21. Qxd1 e6 22. a4 Ne5 23. Nfxe5 Bxe5 24. f4 Bg7 25. Qd6 Qb7 {Berkes,F (2659)-Vuckovic,B (2626) Rijeka 2010 1-0 (32)}) 11... a6 12. Qc2 h6 13. Be3 $146 ({RR} 13. Bxf6 Bxf6 14. Nf1 Qc7 15. h4 Bg4 16. N1h2 Bxf3 17. Nxf3 Nc6 18. Rad1 Ne5 19. h5 Nxf3+ 20. Bxf3 Be5 21. Bg4 Rad8 22. hxg6 fxg6 23. Rd5 Kg7 24. Qe2 Bh2+ 25. Kh1 Rxd5 26. exd5 Bd6 27. Rd1 Qa5 {Sundararajan,K (2526)-Matta,V (2283) Chennai 2010 ½-½}) 13... Qc7 14. h3 Bd7 15. Nf1 e5 16. N3h2 Be6 17. Ng4 Nxg4 18. hxg4 Nc4 19. b3 Nd6 20. Rad1 b5 21. Bc1 c4 22. Ne3 cxb3 23. axb3 Rfc8 24. Nd5 Bxd5 25. Rxd5 Ne8 26. Rd3 Nf6 27. Red1 g5 28. c4 bxc4 29. bxc4 Bf8 30. Rf3 Nd7 31. Rf5 Nc5 32. Rd5 Bg7 33. Be3 Qe7 34. Bxc5 Rxc5 35. Rf3 Bf8 36. Qa4 Ra7 37. g3 Qe6 38. Rb3 Qc6 39. Qa1 Qc7 40. Kg2 a5 41. Qa4 Rb7 42. Rxc5 Bxc5 43. Qe8+ Bf8 44. Rxb7 Qxb7 45. Qxe5 a4 46. c5 Qc6 47. Bc4 Qxc5 48. Qxc5 Bxc5 49. f4 Kg7 50. e5 f6 51. exf6+ Kxf6 52. Kf3 Ke7 53. Ke4 Bf2 54. Kf5 Be3 55. Ke4 Bd2 56. fxg5 hxg5 57. Bb5 a3 58. Bc4 Kd6 59. Ba2 Kc5 60. Kd3 Be1 61. Kc2 Kb4 62. Be6 Bxg3 63. Kb1 Bf4 64. Ka2 Bg3 65. Bf5 Bf4 1/2-1/2